[Event "BCF-chT 9596 (4NCL) 3rd"]
[Site "England"]
[Date "1996.04.28"]
[Round "10.17"]
[White "Littlewood, John Eric"]
[Black "Howell, James C"]
[Result "1/2-1/2"]
[WhiteElo "2275"]
[BlackElo "2490"]
[PlyCount "71"]
[EventDate "1995.11.25"]
[EventType "team-tourn"]
[EventRounds "13"]
[EventCountry "ENG"]
[SourceTitle "EXT 2019"]
[Source "ChessBase"]
[SourceDate "2018.10.10"]
[SourceVersion "1"]
[SourceVersionDate "2018.10.10"]
[SourceQuality "1"]
[WhiteTeam "North West Eagles"]
[BlackTeam "Midland Monarchs"]
[WhiteTeamCountry "ENG"]
[BlackTeamCountry "ENG"]

1. e4 c5 2. c3 Nf6 3. e5 Nd5 4. d4 cxd4 5. Nf3 Nc6 6. Bc4 Nb6 7. Bb3 d5 8. exd6 Qxd6 9. Na3 dxc3 10. Qe2 Bf5 11. Nb5 Qd7 12. Ne5 Nxe5 13. Qxe5 f6 14. Nc7+ Kd8 15. Ne6+ Bxe6 16. Qxe6 Qxe6+ 17. Bxe6 cxb2 18. Bxb2 Kc7 19. 0-0 Rd8 20. Rac1+ Kb8 21. Rfd1 Rxd1+ 22. Rxd1 Kc7 23. h4 g6 24. Bc1 Nc8 25. Bf4+ Nd6 26. Rc1+ Kd8 27. Be3 b6 28. a4 Bg7 29. a5 bxa5 30. Bxa7 f5 31. Rb1 Kc7 32. Rc1+ Kb7 33. Be3 a4 34. Rb1+ Kc7 35. Rc1+ Kb7 36. Rb1+ 1/2-1/2

[Event "BL2-Sued 9596"]
[Site "Germany"]
[Date "1996.??.??"]
[Round "?.1"]
[White "Howell, James C"]
[Black "Bogdanovich, Grigory Grigorievic"]
[Result "1/2-1/2"]
[WhiteElo "2525"]
[BlackElo "2380"]
[PlyCount "99"]
[EventDate "1995.10.??"]
[EventType "team-tourn"]
[EventRounds "9"]
[EventCountry "GER"]
[SourceTitle "GER-chT2"]
[Source "ChessBase"]
[SourceDate "1999.07.01"]
[SourceVersion "1"]
[SourceVersionDate "1999.07.01"]
[SourceQuality "1"]
[WhiteTeam "Goeggingen"]
[BlackTeam "Bad Mergentheim"]
[WhiteTeamCountry "GER"]
[BlackTeamCountry "GER"]

1. e4 c5 2. Nf3 Nf6 3. e5 Nd5 4. g3 Nc6 5. Bg2 d6 6. exd6 e6 7. 0-0 Bxd6 8. d4 0-0 9. c4 Nf6 10. Nc3 cxd4 11. Nxd4 Nxd4 12. Qxd4 Be7 13. Be3 Qxd4 14. Bxd4 Nd7 15. Rfd1 Bf6 16. Nb5 Bxd4 17. Rxd4 Nf6 18. Rd2 a6 19. Nd6 Rb8 20. c5 Rd8 21. Rad1 Kf8 22. b4 Ne8 23. Nc4 Rxd2 24. Rxd2 Ke7 25. Nb6 a5 26. a3 axb4 27. axb4 e5 28. Nxc8+ Rxc8 29. Ra2 b6 30. Ra7+ Ke6 31. Bh3+ f5 32. cxb6 Rb8 33. Ra6 Nd6 34. Kf1 g6 35. Ke2 Nc8 36. b7+ Nd6 37. Bg2 e4 38. Rb6 Rxb7 39. Rxb7 Nxb7 40. Kd2 Kd5 41. Ke3 g5 42. f3 Nd6 43. fxe4+ fxe4 44. Bf1 Nf5+ 45. Kd2 Kd4 46. Bh3 Ne3 47. Be6 Nf1+ 48. Ke2 Nxh2 49. b5 Kc5 50. Bf5 1/2-1/2

[Event "BL2-Sued 9596"]
[Site "Germany"]
[Date "1996.??.??"]
[Round "?.1"]
[White "Howell, James C"]
[Black "Gerstner, Wolfgang"]
[Result "1-0"]
[WhiteElo "2525"]
[BlackElo "2370"]
[PlyCount "65"]
[EventDate "1995.10.??"]
[EventType "team-tourn"]
[EventRounds "9"]
[EventCountry "GER"]
[SourceTitle "GER-chT2"]
[Source "ChessBase"]
[SourceDate "1999.07.01"]
[SourceVersion "1"]
[SourceVersionDate "1999.07.01"]
[SourceQuality "1"]
[WhiteTeam "Goeggingen"]
[BlackTeam "Karlsruhe"]
[WhiteTeamCountry "GER"]
[BlackTeamCountry "GER"]

1. e4 c5 2. Nf3 e6 3. d3 Nc6 4. g3 d5 5. Nbd2 g6 6. Bg2 Bg7 7. 0-0 Nge7 8. Re1 h6 9. c3 b6 10. h4 a5 11. a4 Ba6 12. exd5 exd5 13. Nb3 Bc8 14. d4 c4 15. Nbd2 0-0 16. b3 cxb3 17. Qxb3 Be6 18. Nf1 Rb8 19. Bf4 Rb7 20. Rab1 Qd7 21. Qb5 Rc8 22. Rb3 Nf5 23. Reb1 Nb8 24. Qe2 Qxa4 25. Rxb6 Rxb6 26. Rxb6 Qe8 27. Ne3 Nxe3 28. Qxe3 Qf8 29. Rxe6 fxe6 30. Qxe6+ Kh7 31. h5 gxh5 32. Nh4 Nc6 33. Bxd5 1-0

[Event "Goodricke op 07th"]
[Site "Kolkata"]
[Date "1996.??.??"]
[Round "9"]
[White "Howell, James C"]
[Black "Volzhin, Alexander"]
[Result "1-0"]
[WhiteElo "2490"]
[BlackElo "2485"]
[PlyCount "69"]
[EventDate "1996.02.??"]
[EventType "swiss"]
[EventRounds "11"]
[EventCountry "IND"]
[SourceTitle "CBM 050 Extra"]
[Source "ChessBase"]
[SourceDate "1996.03.01"]
[SourceVersion "1"]
[SourceVersionDate "1996.03.01"]
[SourceQuality "1"]

1. e4 e5 2. Nf3 Nc6 3. Bc4 Nf6 4. Ng5 d5 5. exd5 b5 6. Bf1 h6 7. Nxf7 Kxf7 8. dxc6 Bc5 9. Be2 Ne4 10. 0-0 Bxf2+ 11. Rxf2+ Nxf2 12. Qf1 Rf8 13. Qxf2+ Kg8 14. Qe3 Qh4 15. g3 Qf6 16. d3 Bh3 17. Nd2 Rf7 18. b3 Qxc6 19. Ne4 Qxc2 20. Ba3 a5 21. Bc5 Be6 22. Qd2 Qxd2 23. Nxd2 a4 24. bxa4 Rxa4 25. a3 Rd7 26. Rc1 Bg4 27. Bf1 Bf5 28. Rc3 c6 29. Bb4 Ra6 30. Kf2 Be6 31. Ke3 Bd5 32. Nf3 Rf7 33. Be2 Bxf3 34. Bxf3 Rf6 35. Rc5 1-0

[Event "BL2-Sued 9596"]
[Site "Germany"]
[Date "1996.??.??"]
[Round "?.1"]
[White "Sokolov, Andrei2222"]
[Black "Howell, James C"]
[Result "1/2-1/2"]
[WhiteElo "2505"]
[BlackElo "2525"]
[PlyCount "80"]
[EventDate "1995.10.??"]
[EventType "team-tourn"]
[EventRounds "9"]
[EventCountry "GER"]
[SourceTitle "GER-chT2"]
[Source "ChessBase"]
[SourceDate "1999.07.01"]
[SourceVersion "1"]
[SourceVersionDate "1999.07.01"]
[SourceQuality "1"]
[WhiteTeam "Viernheim"]
[BlackTeam "Goeggingen"]
[WhiteTeamCountry "GER"]
[BlackTeamCountry "GER"]

1. d4 d5 2. Nf3 c5 3. dxc5 e6 4. e4 Bxc5 5. exd5 exd5 6. Bb5+ Nc6 7. 0-0 Nge7 8. Nbd2 0-0 9. Nb3 Bb6 10. c3 Bg4 11. Be2 Qd6 12. Nfd4 Bxe2 13. Nxe2 Rad8 14. Bf4 Qf6 15. Qd2 h6 16. Be3 Bxe3 17. Qxe3 Nf5 18. Qd2 d4 19. Nbxd4 Nfxd4 20. Nxd4 Nxd4 21. cxd4 Rxd4 22. Qa5 a6 23. Rae1 Rfd8 24. Qc3 Qd6 25. Re3 Rd2 26. Rfe1 Qd4 27. Qxd4 R8xd4 28. Rb3 b5 29. g3 Rc4 30. Re8+ Kh7 31. Ra8 Rc6 32. Kg2 f6 33. a3 h5 34. Ra7 Kh6 35. Rc3 Re6 36. b4 g5 37. Rac7 Kg6 38. R7c6 Red6 39. Rxd6 Rxd6 40. Kf3 Rd2 1/2-1/2

[Event "Lazne Bohdanec"]
[Site "Lazne Bohdanec"]
[Date "1995.??.??"]
[Round "4"]
[White "Blatny, Pavel"]
[Black "Howell, James C"]
[Result "1/2-1/2"]
[WhiteElo "2485"]
[BlackElo "2520"]
[PlyCount "83"]
[EventDate "1995.01.??"]
[EventType "tourn"]
[EventRounds "11"]
[EventCountry "CZE"]
[EventCategory "10"]
[SourceTitle "CBM 045"]
[Source "ChessBase"]
[SourceDate "1995.04.01"]
[SourceVersion "1"]
[SourceVersionDate "1995.04.01"]
[SourceQuality "1"]

1. e4 e5 2. Nf3 Nf6 3. d4 Nxe4 4. Bd3 d5 5. Nxe5 Bd6 6. Qe2 Bxe5 7. Bxe4 dxe4 8. dxe5 Qd4 9. Nc3 Qxe5 10. g3 0-0 11. Bf4 Qa5 12. 0-0-0 Be6 13. a3 Nd7 14. Qb5 Qxb5 15. Nxb5 Bg4 16. Nxc7 Bxd1 17. Rxd1 Rad8 18. Bd6 Nf6 19. Bxf8 Rxd1+ 20. Kxd1 Kxf8 21. Nb5 Ke7 22. Ke2 a6 23. Nd4 g6 24. h3 Kd6 25. Ke3 Ke5 26. c4 Nd7 27. f4+ exf3 28. Nxf3+ Kd6 29. Kd4 Nc5 30. Ng5 Ne6+ 31. Nxe6 Kxe6 32. Kc5 Kd7 33. Kd5 h5 34. Ke5 Ke7 35. c5 a5 36. b4 a4 37. Kd5 Kd7 38. g4 hxg4 39. hxg4 f6 40. b5 Ke7 41. c6 Kd8 42. cxb7 1/2-1/2

[Event "Wrexham"]
[Site "Wrexham"]
[Date "1995.??.??"]
[Round "6"]
[White "Davies, Nigel Rodney"]
[Black "Howell, James C"]
[Result "1/2-1/2"]
[WhiteElo "2505"]
[BlackElo "2525"]
[PlyCount "120"]
[EventDate "1995.10.??"]
[EventType "tourn"]
[EventRounds "9"]
[EventCountry "WLS"]
[EventCategory "7"]
[SourceTitle "EXT 1998"]
[Source "ChessBase"]
[SourceDate "1997.11.17"]
[SourceVersion "1"]
[SourceVersionDate "1997.11.17"]
[SourceQuality "1"]

1. e4 c5 2. Nf3 d6 3. c3 Nf6 4. g3 Nc6 5. d3 g6 6. Bg2 Bg7 7. 0-0 0-0 8. Na3 Rb8 9. d4 cxd4 10. cxd4 Bg4 11. h3 Bxf3 12. Bxf3 Qb6 13. d5 Nd4 14. Bg2 Nd7 15. Rb1 Rfc8 16. Be3 Qb4 17. Bd2 Qb6 18. h4 e5 19. dxe6 fxe6 20. Be3 e5 21. Bh3 Rc7 22. Nc2 Rf8 23. a3 a5 24. b4 Nf3+ 25. Qxf3 Rxf3 26. Bxb6 Nxb6 27. Ne3 a4 28. Rfd1 Bf8 29. Kg2 Rf6 30. Rbc1 Rxc1 31. Rxc1 Kg7 32. Kf1 Rf7 33. Ke2 Re7 34. Kd3 h5 35. f3 Kf7 36. Nd5 Nxd5 37. exd5 e4+ 38. fxe4 Bg7 39. Rc2 Be5 40. g4 hxg4 41. Bxg4 Kf6 42. Rf2+ Kg7 43. h5 Rc7 44. Rc2 Rxc2 45. Kxc2 gxh5 46. Bxh5 Kf8 47. Be2 Ke7 48. Bb5 Kd8 49. Bxa4 Kc7 50. Be8 Bf6 51. Kd3 Bb2 52. a4 b6 53. Kc4 Be5 54. Kb5 Bc3 55. Bc6 Be5 56. Ka6 Bc3 57. a5 bxa5 58. b5 a4 59. b6+ Kb8 60. Bxa4 Be5 1/2-1/2

[Event "Kuopio op1"]
[Site "Kuopio"]
[Date "1995.??.??"]
[Round "?"]
[White "Howell, James C"]
[Black "Alava, Mikko"]
[Result "0-1"]
[WhiteElo "2520"]
[BlackElo "2255"]
[PlyCount "86"]
[EventDate "1995.??.??"]
[EventType "swiss"]
[EventRounds "9"]
[EventCountry "FIN"]
[SourceTitle "EXT 2000"]
[Source "ChessBase"]
[SourceDate "1999.11.16"]
[SourceVersion "1"]
[SourceVersionDate "1999.11.16"]
[SourceQuality "1"]

1. e4 e5 2. Nf3 Nc6 3. Bb5 a6 4. Ba4 Nf6 5. 0-0 Nxe4 6. d4 b5 7. Bb3 d5 8. dxe5 Be6 9. c3 Bc5 10. Qd3 0-0 11. Nbd2 Nxd2 12. Bxd2 Qd7 13. Rfe1 Rfd8 14. Nd4 Nxd4 15. cxd4 Bf5 16. Qc3 Bb6 17. Rac1 Rac8 18. Bg5 Re8 19. Be3 Re6 20. Bd1 Rd8 21. Qd2 Rc6 22. Be2 Rc8 23. Rxc6 Qxc6 24. Bf3 Qa8 25. Rc1 Re8 26. Qd1 Bd7 27. Be2 Qd8 28. Bd3 Qe7 29. a3 Rc8 30. h3 Re8 31. Qh5 g6 32. Qf3 c6 33. Bb1 Qh4 34. Qd1 f6 35. f4 fxe5 36. fxe5 Bxh3 37. Rxc6 Rf8 38. Rxb6 Qg3 39. Qe2 Bxg2 40. Qxg2 Qxe3+ 41. Kh2 Rf2 42. e6 Rxg2+ 43. Kxg2 Kf8 0-1

[Event "BL2-Sued 9495"]
[Site "Germany"]
[Date "1995.??.??"]
[Round "3.2"]
[White "Howell, James C"]
[Black "Arnold, Lothar"]
[Result "1/2-1/2"]
[WhiteElo "2505"]
[BlackElo "2350"]
[PlyCount "143"]
[EventDate "1994.10.??"]
[EventType "team-tourn"]
[EventRounds "9"]
[EventCountry "GER"]
[SourceTitle "GER-chT2"]
[Source "ChessBase"]
[SourceDate "1999.07.01"]
[SourceVersion "1"]
[SourceVersionDate "1999.07.01"]
[SourceQuality "1"]
[WhiteTeam "Goeggingen"]
[BlackTeam "Eppingen"]
[WhiteTeamCountry "GER"]
[BlackTeamCountry "GER"]

1. e4 e6 2. d4 d5 3. Nd2 Nf6 4. e5 Nfd7 5. c3 c5 6. Bd3 Nc6 7. Ne2 cxd4 8. cxd4 f6 9. exf6 Nxf6 10. Nf3 Bd6 11. 0-0 0-0 12. Bg5 Qc7 13. Bh4 Bd7 14. Nc3 a6 15. Bg3 h6 16. Re1 Nh5 17. Bxd6 Qxd6 18. Rc1 Be8 19. Bf1 Nf4 20. Ne5 Rc8 21. Qd2 Rc7 22. Nxc6 Rxc6 23. Re3 Bg6 24. g3 Nh5 25. Bh3 Bf7 26. Rce1 Nf6 27. f3 Rfc8 28. R3e2 Nh7 29. Bxe6 Bxe6 30. Rxe6 Qxe6 31. Rxe6 Rxe6 32. Nxd5 Rd8 33. Nf4 Red6 34. Qb4 Ng5 35. Qb3+ Nf7 36. Ne6 Re8 37. d5 Nd8 38. f4 Nxe6 39. dxe6 Rexe6 40. f5 Rb6 41. Qd5 Rbd6 42. Qxb7 Rf6 43. g4 g6 44. fxg6 Rxg6 45. Kf2 Rde6 46. Kg3 h5 47. Qc8+ Kf7 48. Qc7+ Ke8 49. Qb8+ Kd7 50. h3 hxg4 51. hxg4 Ref6 52. Qe5 Re6 53. Qf5 Kc6 54. g5 Kb6 55. Qf2+ Kb5 56. Qf5+ Kb6 57. Qf2+ Kb5 58. Kg4 Rc6 59. Qe2+ Kb6 60. Qe3+ Kb5 61. Qd3+ Kb6 62. Qd4+ Kb7 63. Kh5 Rgd6 64. Qe4 Kb6 65. g6 Rxg6 66. Qxg6 Rxg6 67. Kxg6 Kc5 68. Kf7 a5 69. Ke6 a4 70. a3 Kc6 71. Ke5 Kc5 72. Ke6 1/2-1/2

[Event "Cannes op"]
[Site "Cannes"]
[Date "1995.??.??"]
[Round "4"]
[White "Howell, James C"]
[Black "Borne, Niels"]
[Result "1-0"]
[WhiteElo "2520"]
[BlackElo "2315"]
[PlyCount "95"]
[EventDate "1995.02.??"]
[EventType "swiss"]
[EventRounds "9"]
[EventCountry "FRA"]
[SourceTitle "CBM 046 Extra"]
[Source "ChessBase"]
[SourceDate "1995.07.01"]
[SourceVersion "1"]
[SourceVersionDate "1995.07.01"]
[SourceQuality "1"]

1. e4 c5 2. Nf3 d6 3. d4 cxd4 4. Nxd4 Nf6 5. Nc3 a6 6. Bg5 e6 7. f4 Be7 8. Qf3 Qa5 9. 0-0-0 Bd7 10. Bc4 Nc6 11. Bb3 h6 12. Bh4 g5 13. Be1 Qc7 14. f5 Na5 15. Bxe6 fxe6 16. fxe6 Bc6 17. Nxc6 bxc6 18. e5 0-0 19. Qd3 d5 20. exf6 Bxf6 21. e7 Rf7 22. Qg6+ Bg7 23. Nxd5 cxd5 24. Bxa5 Qxe7 25. Bc3 Qe4 26. Qxe4 dxe4 27. Bxg7 Kxg7 28. Rhe1 Re8 29. Re2 Re6 30. Rde1 Rfe7 31. Re3 h5 32. c4 Kf6 33. Kc2 Kf5 34. b4 a5 35. b5 Rc7 36. Kc3 Re5 37. a4 g4 38. Rf1+ Kg5 39. g3 Rf5 40. Rxf5+ Kxf5 41. Kd4 Rd7+ 42. Kc3 Rd1 43. c5 Rc1+ 44. Kd4 Rd1+ 45. Kc4 Ke5 46. b6 Rd4+ 47. Kb5 Rd3 48. Rxd3 1-0

[Event "Wrexham"]
[Site "Wrexham"]
[Date "1995.??.??"]
[Round "2"]
[White "Howell, James C"]
[Black "Csom, Istvan"]
[Result "1/2-1/2"]
[WhiteElo "2525"]
[BlackElo "2455"]
[PlyCount "21"]
[EventDate "1995.10.??"]
[EventType "tourn"]
[EventRounds "9"]
[EventCountry "WLS"]
[EventCategory "7"]
[SourceTitle "EXT 1998"]
[Source "ChessBase"]
[SourceDate "1997.11.17"]
[SourceVersion "1"]
[SourceVersionDate "1997.11.17"]
[SourceQuality "1"]

1. e4 c5 2. Nf3 a6 3. Nc3 d6 4. d4 Nd7 5. Be3 e6 6. Qd2 Qc7 7. dxc5 Nxc5 8. 0-0-0 Be7 9. Bf4 Nf6 10. e5 dxe5 11. Bxe5 1/2-1/2

[Event "Cappelle op 11th"]
[Site "Cappelle la Grande"]
[Date "1995.??.??"]
[Round "7"]
[White "Howell, James C"]
[Black "Fontaine, Robert"]
[Result "1-0"]
[WhiteElo "2520"]
[BlackElo "2200"]
[PlyCount "49"]
[EventDate "1995.03.??"]
[EventType "swiss"]
[EventRounds "9"]
[EventCountry "FRA"]
[SourceTitle "EXT 1997"]
[Source "ChessBase"]
[SourceDate "1996.11.15"]
[SourceVersion "1"]
[SourceVersionDate "1996.11.15"]
[SourceQuality "1"]

1. e4 c6 2. Nc3 d5 3. Nf3 Bg4 4. h3 Bxf3 5. Qxf3 e6 6. d3 Nf6 7. Qg3 Na6 8. Be2 d4 9. Nb1 Bd6 10. f4 e5 11. 0-0 Qe7 12. Na3 exf4 13. Qxg7 Rg8 14. Qh6 Rg6 15. Qh4 0-0-0 16. Nc4 Rdg8 17. Nxd6+ Qxd6 18. Rf2 Qb4 19. Bxf4 Qxb2 20. Raf1 Nc5 21. Kh1 Ncd7 22. Bh2 Qxc2 23. Qf4 Ne8 24. Bg4 Qc5 25. Qb8# 1-0

[Event "Amantea op"]
[Site "Amantea"]
[Date "1995.??.??"]
[Round "4"]
[White "Howell, James C"]
[Black "Hodgson, Julian M"]
[Result "1/2-1/2"]
[WhiteElo "2525"]
[BlackElo "2590"]
[PlyCount "36"]
[EventDate "1995.09.??"]
[EventType "swiss"]
[EventRounds "9"]
[EventCountry "ITA"]
[SourceTitle "EXT 1997"]
[Source "ChessBase"]
[SourceDate "1996.11.15"]
[SourceVersion "1"]
[SourceVersionDate "1996.11.15"]
[SourceQuality "1"]

1. e4 c6 2. d4 d5 3. exd5 cxd5 4. c4 Nf6 5. Nc3 Nc6 6. Nf3 Bg4 7. cxd5 Nxd5 8. Qb3 Nb6 9. Be3 Bxf3 10. gxf3 e6 11. 0-0-0 Be7 12. d5 exd5 13. Nxd5 Nxd5 14. Rxd5 Qc7 15. Kb1 0-0 16. f4 Nb4 17. Rd4 Nc6 18. Rd2 Rad8 1/2-1/2

[Event "Hastings Masters"]
[Site "Hastings"]
[Date "1995.??.??"]
[Round "5"]
[White "Howell, James C"]
[Black "James, David J"]
[Result "1-0"]
[WhiteElo "2525"]
[BlackElo "2270"]
[PlyCount "95"]
[EventDate "1995.08.??"]
[EventType "swiss"]
[EventRounds "9"]
[EventCountry "ENG"]
[SourceTitle "CBM 048 Extra"]
[Source "ChessBase"]
[SourceDate "1995.11.01"]
[SourceVersion "1"]
[SourceVersionDate "1995.11.01"]
[SourceQuality "1"]

1. e4 c5 2. Nf3 d6 3. d4 cxd4 4. Nxd4 Nf6 5. Nc3 a6 6. Bg5 e6 7. f4 Be7 8. Qf3 Qa5 9. 0-0-0 Bd7 10. e5 dxe5 11. fxe5 Nc6 12. Nf5 exf5 13. exf6 gxf6 14. Bf4 0-0-0 15. Nd5 Be6 16. Bc4 Bd6 17. Bd2 Nb4 18. a3 Bxd5 19. Qxf5+ Kb8 20. Bxb4 Bxb4 21. Bxd5 Bc5 22. Qxf6 Rhe8 23. Qxf7 Re7 24. Qf3 Re3 25. Qf4+ Ka7 26. Kb1 Rf8 27. Qh4 Qb6 28. Bb3 Bxa3 29. Rhf1 Rxf1 30. Rxf1 Bc5 31. Qxh7 Qb4 32. Qd7 Re2 33. g4 Rxh2 34. g5 Rg2 35. Qd5 Rg3 36. c3 Qb6 37. Rf6 Rg1+ 38. Kc2 Qc7 39. Bc4 Qh2+ 40. Kb3 Qc7 41. g6 Rg4 42. Be2 Rg1 43. Bxa6 bxa6 44. Rf7 Be7 45. Rxe7 Qxe7 46. Qd4+ Kb8 47. Qxg1 Qb7+ 48. Ka3 1-0

[Event "Lazne Bohdanec"]
[Site "Lazne Bohdanec"]
[Date "1995.??.??"]
[Round "6"]
[White "Howell, James C"]
[Black "Keitlinghaus, Ludger"]
[Result "1/2-1/2"]
[WhiteElo "2520"]
[BlackElo "2495"]
[PlyCount "122"]
[EventDate "1995.01.??"]
[EventType "tourn"]
[EventRounds "11"]
[EventCountry "CZE"]
[EventCategory "10"]
[SourceTitle "CBM 045"]
[Source "ChessBase"]
[SourceDate "1995.04.01"]
[SourceVersion "1"]
[SourceVersionDate "1995.04.01"]
[SourceQuality "1"]

1. e4 e5 2. Nf3 Nc6 3. Bb5 Nf6 4. 0-0 Be7 5. Re1 d6 6. Bxc6+ bxc6 7. d4 exd4 8. Qxd4 0-0 9. Bg5 Bb7 10. Nbd2 c5 11. Qd3 Nd7 12. Bf4 Re8 13. Nc4 Ba6 14. Qc3 Bxc4 15. Qxc4 Bf6 16. c3 Re6 17. Re2 Nb6 18. Qa6 Qc8 19. Qxc8+ Rxc8 20. Rae1 Rce8 21. Bg5 Be5 22. Nd2 h6 23. Be3 Bf6 24. f3 a5 25. g3 a4 26. a3 Kh7 27. Kg2 g6 28. f4 Bg7 29. Kf3 Kg8 30. Bf2 h5 31. h3 Bh8 32. g4 hxg4+ 33. hxg4 g5 34. f5 Rh6 35. Bg3 Be5 36. Kg2 f6 37. Nf1 Nc4 38. Ne3 Bxg3 39. Kxg3 Nxe3 40. Rxe3 Kf7 41. R3e2 Reh8 42. Rg2 Rh3+ 43. Kf2 Rd3 44. Re3 Rxe3 45. Kxe3 Rh3+ 46. Kf2 Rd3 47. Ke2 c4 48. Kf1 Ke7 49. Re2 Rg3 50. Rg2 Re3 51. Re2 Rg3 52. Rg2 Rh3 53. Rd2 c5 54. Kf2 Kd7 55. Re2 Rh2+ 56. Kf3 Rh3+ 57. Kf2 Rh1 58. Rd2 Rh2+ 59. Ke3 Rh3+ 60. Kf2 Kc6 61. Re2 Rh2+ 1/2-1/2

[Event "Wichern op 3rd"]
[Site "Hamburg"]
[Date "1995.??.??"]
[Round "5"]
[White "Howell, James C"]
[Black "Pajeken, Wolfgang"]
[Result "1-0"]
[WhiteElo "2525"]
[BlackElo "2230"]
[PlyCount "61"]
[EventDate "1995.09.??"]
[EventType "swiss"]
[EventRounds "9"]
[EventCountry "GER"]
[SourceTitle "EXT 1997"]
[Source "ChessBase"]
[SourceDate "1996.11.15"]
[SourceVersion "1"]
[SourceVersionDate "1996.11.15"]
[SourceQuality "1"]

1. e4 Nf6 2. e5 Nd5 3. d4 d6 4. c4 Nb6 5. exd6 cxd6 6. Nc3 g6 7. Be3 Bg7 8. Rc1 0-0 9. b3 Nc6 10. d5 Ne5 11. Be2 f5 12. f4 Ng4 13. Bd4 e5 14. dxe6 Bh6 15. g3 Bxe6 16. Bf3 Qe7 17. Nge2 Rae8 18. 0-0 Nf6 19. Re1 Nc8 20. Qd2 Bg7 21. Rcd1 Qc7 22. Nb5 Qb8 23. Bc3 Rd8 24. Ned4 Bf7 25. Ne6 Ne4 26. Bxe4 Bxe6 27. Bd5 Bf7 28. Bxg7 Kxg7 29. Nd4 Rde8 30. Qc3 Kh6 31. Nxf5+ 1-0

[Event "Wrexham"]
[Site "Wrexham"]
[Date "1995.??.??"]
[Round "5"]
[White "Howell, James C"]
[Black "Pein, Malcolm"]
[Result "1-0"]
[WhiteElo "2525"]
[BlackElo "2435"]
[PlyCount "111"]
[EventDate "1995.10.??"]
[EventType "tourn"]
[EventRounds "9"]
[EventCountry "WLS"]
[EventCategory "7"]
[SourceTitle "EXT 1998"]
[Source "ChessBase"]
[SourceDate "1997.11.17"]
[SourceVersion "1"]
[SourceVersionDate "1997.11.17"]
[SourceQuality "1"]

1. e4 e5 2. Nf3 Nc6 3. Bc4 Nf6 4. Ng5 d5 5. exd5 Na5 6. Bb5+ c6 7. dxc6 bxc6 8. Be2 h6 9. Nf3 e4 10. Ne5 Bd6 11. d4 exd3 12. Nxd3 Qc7 13. b3 Bf5 14. Bb2 0-0 15. h3 Rfe8 16. 0-0 Ne4 17. Nc3 Rad8 18. Nxe4 Rxe4 19. Bf3 Re6 20. Bg4 Bxg4 21. Qxg4 Bf8 22. Rfe1 Rde8 23. Rxe6 Rxe6 24. Re1 Rxe1+ 25. Nxe1 Nb7 26. Nd3 Nd8 27. Qe4 Qd7 28. a4 Ne6 29. Ne5 Qd1+ 30. Kh2 Bd6 31. Qxc6 Qd2 32. Qe8+ Kh7 33. Qxf7 Nd4 34. Bxd4 Qxd4 35. Qf5+ Kh8 36. f4 Bc5 37. Qc8+ Kh7 38. Qf5+ Kh8 39. Nf3 Qf2 40. h4 a5 41. h5 Be3 42. Qe4 Bb6 43. Kh3 Qc5 44. Kg4 Qc8+ 45. Qf5 Qc6 46. g3 Qd6 47. Qf7 Qd8 48. Qe6 Bc5 49. c3 Bf2 50. b4 axb4 51. cxb4 Qd1 52. a5 Qf1 53. Qe8+ Kh7 54. b5 Qg2 55. Qe4+ Kh8 56. Qa8+ 1-0

[Event "Bled op 16th"]
[Site "Bled"]
[Date "1995.??.??"]
[Round "5"]
[White "Howell, James C"]
[Black "Psakhis, Lev"]
[Result "1/2-1/2"]
[WhiteElo "2520"]
[BlackElo "2625"]
[PlyCount "51"]
[EventDate "1995.03.??"]
[EventType "swiss"]
[EventRounds "9"]
[EventCountry "SLO"]
[SourceTitle "EXT 1998"]
[Source "ChessBase"]
[SourceDate "1997.11.17"]
[SourceVersion "1"]
[SourceVersionDate "1997.11.17"]
[SourceQuality "1"]

1. e4 e6 2. d4 d5 3. Nd2 c5 4. Ngf3 Nc6 5. exd5 exd5 6. Bb5 Bd6 7. dxc5 Bxc5 8. 0-0 Nge7 9. Nb3 Bd6 10. c3 0-0 11. Nbd4 Bg4 12. Qa4 Bh5 13. Be2 a6 14. Be3 Qc7 15. h3 Na5 16. Rad1 Rad8 17. Rfe1 h6 18. Nh4 Bxe2 19. Rxe2 Nc4 20. Ndf5 b5 21. Qc2 Nxf5 22. Nxf5 Rfe8 23. Bd4 Bf8 24. Rde1 Qd7 25. b3 Nd6 26. Nxd6 1/2-1/2

[Event "Lazne Bohdanec"]
[Site "Lazne Bohdanec"]
[Date "1995.??.??"]
[Round "10"]
[White "Howell, James C"]
[Black "Sax, Gyula"]
[Result "1/2-1/2"]
[WhiteElo "2520"]
[BlackElo "2535"]
[PlyCount "27"]
[EventDate "1995.01.??"]
[EventType "tourn"]
[EventRounds "11"]
[EventCountry "CZE"]
[EventCategory "10"]
[SourceTitle "CBM 045"]
[Source "ChessBase"]
[SourceDate "1995.04.01"]
[SourceVersion "1"]
[SourceVersionDate "1995.04.01"]
[SourceQuality "1"]

1. e4 c5 2. Nf3 d6 3. d4 cxd4 4. Nxd4 Nf6 5. Nc3 e6 6. Bc4 Be7 7. Be3 0-0 8. Bb3 Na6 9. Qf3 Nc5 10. 0-0-0 Bd7 11. g4 Bc6 12. Nxc6 Nxb3+ 13. axb3 bxc6 14. e5 1/2-1/2